• 首页
  • 本馆介绍
  • 公告通知
  • 最新文献
  • 馆藏检索
  • 电子资源
  • 读者导购
  • 参考咨询
  • 我的图书馆
  • 登录
  • 详细信息显示
  • 放入我的书架
  • 预约/预借图书
  • 作者相关作品
  • 分类相关作品
  • 丛书相关作品
  • 出版社相关作品

书目信息

  • 表格格式
  • 工作单格式
  • 卡片格式
题名:
中国货币史
    
 
作者: 彭信威 著
分册:  
出版信息: 上海   上海人民出版社  1988.08
页数: 996页
开本: 20cm
丛书名:
单 册:
中图分类: F822.9
科图分类:
主题词: 货币
电子资源:
ISBN: 7-208-00196-0
000 00526nam0 2200193 450
001 0656716656
005 20061031154719.96
010    @a7-208-00196-0@dCNY27.40
100    @a20061031d1988 km y0chiy0120 ea
101 0  @achi
102    @aCN@b310000
200 1  @a中国货币史@Azhong guo huo bi shi@f彭信威著@Fpeng xin wei zhu
210    @a上海@c上海人民出版社@d1988.08
215    @a996页@d20cm
606 0  @a货币
690    @aF822.9@v3
701  0 @a彭信威@Apeng xin wei@4著
801  0 @aCN@bPFT@c20061031
905    @a10447@dF822.9@e11
    
    中国货币史/彭信威著.-上海:上海人民出版社,1988.08
    996页;20cm
    
    
    ISBN 7-208-00196-0:CNY27.40
    
●
相关链接 在E读中查询图书 在五车中查询图书 在当当中查询图书 在豆瓣中查询图书


正题名:中国货币史     索取号:F822.9/11         预约/预借

序号 登录号 条形码 馆藏地/架位号 状态 备注
1 0215068   000491998   第一样本阅览室/ [索取号:F822.9/11] 在馆    
唐山师范学院图书馆 欢迎您!
大连网信软件有限公司© 版权所有